00232nam a2200085Ia 4500008004100000041000800041100002100049245004500070260003100115241105s9999 xx 000 0 und d aeng aItraj Bhagyashri aArts And Crafts Village At Khed-Shivapur bBNCA B-Arch ID, Punec2016